000 00949nam a2200253Ia 4500
003 OSt
005 20221005103929.0
006 a|||||r|||| 00| 0
007 ta
008 221004b |||||||| |||| 00| 0 san d
024 _a112586
037 _cTextual
040 _aCRL
_cCRL
_bsan
041 _2san
_asan
082 _aO15,1A1, 152M8
100 _aपरमहंस जगदीशरानन्द सरस्वती
_9168634
245 0 _aश्रीमद्वाल्मीकीयरामायणम्
246 _aShrīmadvālmīkīyarāmāyaṇam
260 _aदिल्ली
_bगोविन्दराम हासानन्द भारत
_c1988
300 _a574पृ0
_ccm.
650 _aसंस्कृत साहित्य
942 _hO15,1A1, 152M8
_cTEXL
_2cc
999 _c1011317
_d1011317